| 000 -ლიდერი |
| ფიქსირებული სიგრძის საკონტროლო ველი |
01324nam a2200265Ia 4500 |
| 001 - საკონტროლო ნომერი |
| საკონტროლო ველი |
1773 |
| 003 - საკონტროლო ნომრის იდენტიფიკატორი |
| საკონტროლო ველი |
GE_BSU |
| 005 - ბოლო ოპერაციის თარიღი და დრო |
| საკონტროლო ველი |
20210531130044.0 |
| 008 - ფიქსირებული სიგრძის მონაცემთა ელემენტები - ზოგადი ინფორმაცია |
| ფიქსირებული სიგრძის საკონტროლო ველი |
181216s2005||||ge |||||||||||||| ||geo|| |
| 020 ## - წიგნის საერთაშორისო სტანდარტული ნომერი |
| International Standard Book Number |
9994038427 |
| 040 ## - კატალოგიზაციის წყარო |
| Transcribing agency |
GE_BSU |
| 041 ## - ენის კოდი |
| Language code of text/sound track or separate title |
geo |
| 080 ## - უნივერსალური ათობითი კლასიფიკაციის ინდექსი |
| Universal Decimal Classification number |
519(075.8) ნ–153 |
| 100 ## - მთავარი ჩანაწერი - პიროვნების სახელი |
| Personal name |
ნადარაია, ე. |
| 9 (RLIN) |
11913 |
| 245 ## - ცნობა სათაურის შესახებ |
| Title |
ალბათობის თეორია : |
| Remainder of title |
[დამხმ. სახელმძღვ. თსუ-ს სტუდ.] / |
| Statement of responsibility, etc |
ელიზბარ ნადარაია, რევაზ აბსავა, მზევინარ ფაცაცია ; [რედ.: მ. ნადარეიშვილი] ; თსუ-ს სოხუმის ფილიალი. |
| 264 ## - წარმოების, გამოცემის, დისტრიბუციის და სხვა ცნობები |
| გამოცემის, წარმოების, დისტრიბუციის... ადგილი |
თბილისი : |
| გამოცემის, წარმოების, დისტრიბუციის... სახელწოდება |
თბილ. უნ-ტის გამ-ბა, |
| გამოცემის, წარმოების, დისტრიბუციის... თარიღი |
2005. |
| 300 ## - ფიზიკური აღწერა |
| Extent |
201 გვ. |
| Other physical details |
19 სმ. |
| 653 ## - INDEX TERM--UNCONTROLLED |
| Uncontrolled term |
ალბათობის თეორია |
| 700 ## - ADDED ENTRY--PERSONAL NAME |
| Personal name |
აბსავა, რევაზ |
| Relator term |
ავტორი |
| 9 (RLIN) |
11914 |
| 700 ## - ADDED ENTRY--PERSONAL NAME |
| Personal name |
ფაცაცია, მზევინარ |
| Relator term |
ავტორი |
| 9 (RLIN) |
11915 |
| 700 ## - ADDED ENTRY--PERSONAL NAME |
| Personal name |
ნადარეიშვილი, მ. |
| Relator term |
რედაქტორი |
| 9 (RLIN) |
11916 |
| 710 ## - ADDED ENTRY--CORPORATE NAME |
| Corporate name or jurisdiction name as entry element |
თსუ-ს სოხუმის ფილიალი |
| 9 (RLIN) |
11917 |
| 942 ## - ADDED ENTRY ELEMENTS (KOHA) |
| Koha item type |
წიგნი |
| Source of classification or shelving scheme |
|